LEADER 02297nam 2200373 450 001 9910725007203321 005 20230701183043.0 035 $a(CKB)5470000002601740 035 $a(NjHacI)995470000002601740 035 $a(EXLCZ)995470000002601740 100 $a20230701d2003 uy 0 101 0 $afre 135 $aur||||||||||| 181 $ctxt$2rdacontent 182 $cc$2rdamedia 183 $acr$2rdacarrier 200 10$aDictionnaires Le Robert $eGene?se et e?volution /$fJean-Claude Boulanger, Monique C. Cormier, Aline Francoeur 210 1$aMontre?al :$cPresses de l'Universite? de Montre?al,$d[2003] 210 4$dİ2003 215 $a1 online resource (306 pages) 330 $aLes dictionnaires Le Robert occupent le paysage lexicographique franc?ais depuis plus d'un demi-sie?cle. Qui n'a pas a? porte?e de la main des ouvrages tels Le Petit Robert ou Le Grand Robert de la langue franc?aise ? Il est aujourd'hui difficile d'imaginer qu'un seul homme, Paul Robert, puisse e?tre a? l'origine d'une production aussi riche et indispensable. Ce livre permet de sonder pour la premie?re fois l'e?difice imposant qu'e?le?vent les lexicographes des dictionnaires Le Robert et, au premier chef, Paul Robert, Alain Rey et Josette Rey-Debove, qui en sont les principaux artisans. Le re?sultat de leur travail, qui s'e?tale sur plus de cinquante ans, est une ?uvre lexicographique a? la fois monumentale et familie?re qui revit dans cet ouvrage gra?ce aux regards de spe?cialistes renomme?s et d'utilisateurs assidus. L'originalite? des dictionnaires Le Robert ressort sur les plans historique, philosophique, lexicographique, scientifique et litte?raire. Une histoire de la renaissance du dictionnaire de langue franc?aise au milieu du XXe sie?cle qui provoque, comme le souligne Alain Rey, une re?volution tranquille. 517 $aDictionnaires Le Robert 606 $aFrench language$xLexicography 615 0$aFrench language$xLexicography. 676 $a443.028 700 $aBoulanger$b Jean-Claude$0623886 702 $aCormier$b Monique C. 702 $aFrancoeur$b Aline 801 0$bNjHacI 801 1$bNjHacl 906 $aBOOK 912 $a9910725007203321 996 $aDictionnaires Le Robert$93394705 997 $aUNINA LEADER 01263nam0 22002891i 450 001 UON00045248 005 20231205102203.374 100 $a20020107d1970 |0itac50 ba 101 $ager 102 $aDE 105 $a|||| 1|||| 200 1 $aStrukturen und figuren im kult von Jerusalem$eStudien zur altorientalischen vor- und fruhisrealitischen religion$fFritz Stolz 210 $aBerlin$cTopelmann$d1970 215 $a235 p.$d24 cm 410 1$1001UON00037182$12001 $aBeihefte zur Zeitschrift fur die Alttestamentliche Wissenschaft$v118 606 $aANTICO TESTAMENTO$xSTUDI CRITICI$3UONC002330$2FI 606 $aISRAELE$xStoria$xPeriodo biblico$3UONC005950$2FI 620 $aDE$dBerlin$3UONL003157 686 $aSEB VII A$cSTUDI EBRAICI - FILOSOFIA E RELIGIONE - STUDI BIBLICI$2A 700 1$aSTOLZ$bFritz$3UONV026621$0648216 712 $aDe Gruyter$3UONV248587$4650 801 $aIT$bSOL$c20240220$gRICA 899 $aSIBA - SISTEMA BIBLIOTECARIO DI ATENEO$2UONSI 912 $aUON00045248 950 $aSIBA - SISTEMA BIBLIOTECARIO DI ATENEO$dSI SEB VII A 007 $eSI SEM1736 5 007 996 $aStrukturen und figuren im kult von Jerusalem$91158489 997 $aUNIOR